2007 merkezi yönetim bütçesi (Record no. 4564)

MARC details
000 -BAŞLIK
Sabit Uzunlukta Kontrol Alanı 01023na a2200229 4500
001 - KONTROL NUMARASI
Denetim Alanı 21671
003 - KONTROL NUMARASI IDENTIFIER
Denetim Alanı MIRAKIL
005 - SON İŞLEM TARİHİ VE ZAMANI
Denetim Alanı 20181213155010.0
008 - SABİT-BOY VERİ ELEMANLARI - GENEL BİLGİLER
Sabit Uzunlukta Kontrol Alanı 170206b tu 000 0
040 ## - KATALOGLAMA KAYNAK
Orijinal Kataloglama Ajansı Milas
Kataloglama Dili tur
Metne Dönüştürmek Ajansı TR-AnCHP
041 ## - DİL KODU
Metin / Ses Parça Veya Ayrı Başlığın Dil Kodu tur
082 ## - DEWEY ONLU SINIFLANDIRMA NUMARASI
Sınıflandırma Numarası 351.7223
Ürün Numarası İ45 2007
090 ## - SINIFLAMA NUMARASI
Sınıflama Numarası 351.7223 İ45 2007
245 ## - BAŞLIK TABLOSU
Başlık 2007 merkezi yönetim bütçesi
260 ## - YAYIN, DAĞITIM, VB
Yayın, Dağıtım, Vb Yeri Ankara
Yayıncı, Dağıtıcı, Vs Adı [yayl. y.]
Yayın, Dağıtım, Vb Tarihi 2007
300 ## - FİZİKSEL TANIM
Kapsam 2 c. (3 kitap)
Diğer Fiziksel Ayrıntıları tbl.
Boyutlar 16 sm.
505 ## - BİÇİMLENDİRİLDİ İÇİNDEKİLER NOT
Biçimlendirilmiş İçeriği Dikkat c.1: (I) sayılı cetvel Genel bütçe kapsamındaki kamu idareleri ve (II) Sayılı cetvel özel bütçeli idareler (B-özel bütçeli diğer idareler) ile (III) sayılı cetvel düzenleyici ve denetleyici kurumlar - c.2 : (II) sayılı cetvel Özel bütçeli İdareler (A- Yükseköğretim kurulu, Üniversiteler ve Yüksek Teknoloji Enstitüleri) - C.2: Cilt 2 devam
650 ## - KONU KATMA GİRİŞ - TOPİKAL DÖNEM
Topikal Süreli Veya Coğrafi Ad Giriş Elemanı Özel bütçeli idareler
Genel Alt Bölümü Kesin bütçe
Kronolojik Alt Bölümü 2007
650 ## - KONU KATMA GİRİŞ - TOPİKAL DÖNEM
Topikal Süreli Veya Coğrafi Ad Giriş Elemanı Yüksekögretim Kurulu
Genel Alt Bölümü Kesin bütçe
Kronolojik Alt Bölümü 2007
650 ## - KONU KATMA GİRİŞ - TOPİKAL DÖNEM
Topikal Süreli Veya Coğrafi Ad Giriş Elemanı Merkezi yönetim
Genel Alt Bölümü Kesin bütçe
Kronolojik Alt Bölümü 2007
942 ## - EKLENDİ GİRİŞ ELEMANLARI (KOHA)
Sınıflandırma Veya Raf Düzeni Kaynak Dewey Decimal Classification
Koha Öğesi Türü Books
999 ## - SİSTEM KONTROL NUMARALARI (KOHA)
Koha Biblionumber 4564
Koha Biblioitemnumber 4564
Holdings
Kalıcı Konum Mevcut Konum Edinme Tarihi Edinim Kaynak Toplam Check-Out'Lar Tam Çağrı Numarası Barkod Tarih Son Görülme İtibaren Geçerli Fiyatlar Koha Öğesi Türü Seri Numaralandırma / Kronolojik
CHP Kütüphanesi CHP Kütüphanesi 02/06/2017 Bağış   351.7223 İ45 2007 012286 02/06/2017 02/06/2017 Books  
CHP Kütüphanesi CHP Kütüphanesi 02/06/2017 Bağış   351.7223 İ45 2007 012287 02/06/2017 02/06/2017 Books  
CHP Kütüphanesi CHP Kütüphanesi 02/06/2017 Bağış   351.7223 İ45 2007 012291 02/06/2017 02/06/2017 Books c.2